Normal view MARC view
  • Ieee press series on rf and microwave technology.

Entry Uniform Title

Number of records used in: 8

001 - CONTROL NUMBER

  • control field: 8643

003 - CONTROL NUMBER IDENTIFIER

  • control field: NUST

005 - DATE AND TIME OF LATEST TRANSACTION

  • control field: 20180118115034.0

008 - FIXED-LENGTH DATA ELEMENTS

  • fixed length control field: 180118|| aca||aabn | a|a d

040 ## - CATALOGING SOURCE

  • Original cataloging agency: NUST
  • Transcribing agency: NUST

130 ## - HEADING--UNIFORM TITLE

  • Uniform title: Ieee press series on rf and microwave technology.

670 ## - SOURCE DATA FOUND

  • Source citation: Work cat.: (NUST)30253: Werner, Douglas H. 8641, Frontiers in electromagnetics /, 2000.
© 2023 Central Library, National University of Sciences and Technology. All Rights Reserved.